000 00511nam a2200205Ia 4500
003 OSt
005 20140311163110.0
008 140130s9999 xx 000 0 und d
020 _a0590407600
050 _aPZ 7
_b.C689In 1997
100 _aCole, Joanna
_94006
245 _aInside the earth /
_cCole, Joanna.
260 _bScholastic,
_c1997.
_aNew York :
300 _a40 p. :
_bcol. ill. ;
_c20 cm.
440 _v1
_930849
521 _aG3
526 _c500
942 _cBK-SCHOLAS
_2lcc
999 _c40546
_d40546